L'idée de la durée par rapport aux verbes et aux substantifs verbaux en français moderne ... (Record no. 23187)
[ view plain ]
| 000 -LEADER | |
|---|---|
| fixed length control field | 00657cam a22002171 4500 |
| 001 - CONTROL NUMBER | |
| control field | f 01003858 |
| 003 - CONTROL NUMBER IDENTIFIER | |
| control field | DLC |
| 005 - DATE AND TIME OF LATEST TRANSACTION | |
| control field | 20260227111248.0 |
| 008 - FIXED-LENGTH DATA ELEMENTS--GENERAL INFORMATION | |
| fixed length control field | 840425s1899 sw 000 0 fre |
| 010 ## - LIBRARY OF CONGRESS CONTROL NUMBER | |
| LC control number | f 01003858 |
| 035 ## - SYSTEM CONTROL NUMBER | |
| System control number | (OCoLC)10659904 |
| 040 ## - CATALOGING SOURCE | |
| Original cataloging agency | DLC |
| Transcribing agency | NhD |
| Modifying agency | NhD |
| -- | DLC |
| 042 ## - AUTHENTICATION CODE | |
| Authentication code | premarc |
| 050 00 - LIBRARY OF CONGRESS CALL NUMBER | |
| Classification number | PC2319 |
| Item number | .R7 |
| 100 1# - MAIN ENTRY--PERSONAL NAME | |
| Personal name | Romberg, Hans Birger, |
| Dates associated with a name | 1870- |
| 245 02 - TITLE STATEMENT | |
| Title | L'idée de la durée par rapport aux verbes et aux substantifs verbaux en français moderne ... |
| 260 ## - PUBLICATION, DISTRIBUTION, ETC. | |
| Place of publication, distribution, etc. | Göteborg, |
| Name of publisher, distributor, etc. | W. Zachrissons, |
| Date of publication, distribution, etc. | 1899. |
| 300 ## - PHYSICAL DESCRIPTION | |
| Extent | 2 p. l., 155 p. |
| Dimensions | 20 cm. |
| 500 ## - GENERAL NOTE | |
| General note | Akademisk afhandling--Lund. |
| 650 #0 - SUBJECT ADDED ENTRY--TOPICAL TERM | |
| Topical term or geographic name entry element | French language |
| General subdivision | Verb. |
No items available.